Športová hala

Salvato in:
Dettagli Bibliografici
Autore principale: Schwarz, Šimon (Autore)
Altri autori: Dlhý, Dušan (Relatore della tesi)
Natura: Manoscritto Libro
Lingua:slovacco
Pubblicazione: 2025
Soggetti:
Accesso online:http://is.stuba.sk/zp/portal_zp.pl?podrobnosti=184316
CRZP
Tags: Aggiungi Tag
Nessun Tag, puoi essere il primo ad aggiungerne!!

MARC

LEADER 00000ntm a22000003a 4500
001 stuzp104416
003 SK-STU
005 20250731152357.0
007 ta
008 150427s2015----xo-----f-mn---000-0-slo-d
040 |a STU  |b slo 
041 0 |a slo 
100 1 |a Schwarz, Šimon  |u 010180  |4 aut  |U SvF Stavebná fakulta  |T SvF Katedra konštrukcií pozemných stavieb  |X 104692  |U V180  |Y 18  |7 104692 
242 0 1 |a Sports hall  |y eng 
245 1 0 |a Športová hala 
260 |c 2025 
650 4 |a sport  |2 eng 
650 4 |a structures  |2 eng 
650 4 |a recreation  |2 eng 
650 4 |a architecture  |2 eng 
650 4 |a project  |2 eng 
650 4 |a new construction  |2 eng 
650 4 |a building  |2 eng 
650 4 |a Sports hall  |2 eng 
650 4 |a architektúra  |2 slo 
650 4 |a šport  |2 slo 
650 4 |a novostavba  |2 slo 
650 4 |a konštrukcie  |2 slo 
650 4 |a rekreácia  |2 slo 
650 4 |a projekt  |2 slo 
650 4 |a budova  |2 slo 
650 4 |a Športová hala  |2 slo 
700 1 |a Dlhý, Dušan  |u 010180  |k Z1  |4 ths  |U SvF Stavebná fakulta  |T SvF Katedra konštrukcií pozemných stavieb  |X 712  |U V180  |Y 18  |7 A000000712 
856 4 |u http://is.stuba.sk/zp/portal_zp.pl?podrobnosti=184316 
856 4 |u https://opac.crzp.sk/?fn=detailBiblioForm&sid=4013D2F8FE5692F459CE214F6B33  |z CRZP